000 01591nam a2200217Ia 4500
003 Ost
005 20260507075048.0
008 260507s9999||||xx |||||||||||||| ||und||
020 _ax995711011
040 _cfsecg
041 _aara
100 _aعبد الله، خالد أمين
_eمؤلف
245 0 _aالعمليات المصرفية :
_bالطرق المحاسبية الحديثة /
_c خالد أمين عبد الله
250 _aطبعة 5
260 _aعمان:
_bدار وائل للنشر,
_c2004
300 _a470 صفحة؛
_bإيضاحات ؛
_c24 سم
504 _aالملاحق ص. 447 ببليوغرافيا: ص.443
520 _aمدخل إلى العمل المصرفي-البنوك التجارية-محاسبة قسم الخزينة"الصندوق"-محاسبة قسم الحسابات الجارية-محاسبة قسم الودائع والتوفير-محاسبةقسم الكمبيالات-محاسبة قسم الكفالات المصرفية-محاسبة قسم الاعتمادات المستندية-محاسبة قسم بوالص التحصيل المستندات برسم التحصيل-محاسبة قسم الحوالات والعمليات الخارجية-محاسبة قسم الأوراق المالية-محاسبة قسم الأقراض والتسليف-محاسبة قسم تأجير الخزائن الآمنة-محاسبة قسم المحاسبة العامة-عرض النتائج-الإشراف والرقابة على الجهاز المصرفي
653 _aالبنوك- الحسابات المصرفية
942 _cكتاب
999 _c42613
_d42613